• 首页
  • 本馆介绍
  • 公告通知
  • 最新文献
  • 馆藏检索
  • 电子资源
  • 读者导购
  • 参考咨询
  • 我的图书馆
  • 登录
  • 详细信息显示
  • 放入我的书架
  • 预约/预借图书
  • 作者相关作品
  • 分类相关作品
  • 丛书相关作品
  • 出版社相关作品

书目信息

  • 表格格式
  • 工作单格式
  • 卡片格式
题名:
陈家泠作品集
    
 
作者: 陈家泠 绘
分册:   写生卷
出版信息: 北京   人民美术出版社  2007.05
页数: 1册
开本: 35cm
丛书名:
单 册:
中图分类: J221.8 , J222.7
科图分类:
主题词: 绘画--中国--现代--画册 , 中国画--写生画--中国--现代--画册 , 绘画 , 中国画 , 写生画
电子资源:
ISBN: 978-7-102-03966-4
000 00893nam0 22002891 45
001 1138429266
005 20110419103831.98
010    @a978-7-102-03966-4@dCNY420.00
100    @a20110409d2007 em y0chiy0120 ea
101 0  @achi
102    @aCN@b110000
105    @aa z 000yy
106    @ar
200 1  @a陈家泠作品集@AChen Jia Ling Zuo Pin Ji@i写生卷@IXie Sheng Juan@f陈家冷绘@FChen Jia Leng Hui
210    @a北京@c人民美术出版社@d2007.05
215    @a1册@c图@d35cm
330    @a本书主要描述了陈家冷的作品集,其生动形象。从哪个角度看都非常生动,表现了大师的手法。
606 0  @a绘画@y中国@z现代@j画册
606 0  @a中国画@x写生画@y中国@z现代@j画册
606 0  @a绘画
606 0  @a中国画
606 0  @a写生画
690    @aJ221.8@v4
690    @aJ222.7@v4
701  0 @a陈家泠@AChen Jia Ling@f(1937~)@4绘
801  0 @aCN@bTANGWEI@c20110419
905    @b0535566@dJ221.8@e150@f1
    
    陈家泠作品集.写生卷/陈家冷绘.-北京:人民美术出版社,2007.05
    1册:图;35cm
    
    
    ISBN 978-7-102-03966-4:CNY420.00
    本书主要描述了陈家冷的作品集,其生动形象。从哪个角度看都非常生动,表现了大师的手法。
●
相关链接 在E读中查询图书 在五车中查询图书 在当当中查询图书 在豆瓣中查询图书


正题名:陈家泠作品集     索取号:J221.8/150         预约/预借

序号 登录号 条形码 馆藏地/架位号 状态 备注
1 0535566   205355667   第一样本阅览室/ [索取号:J221.8/150] 在馆    
唐山师范学院图书馆 欢迎您!
大连网信软件有限公司© 版权所有